Spracúvanie biometrických údajov podľa nového zákona o ochrane osobných údajov a nariadenia
Využitie biometrie nielen v prípade vstupov do citlivých, osobitne chránených, vyhradených priestorov, ale aj na evidenciu dochádzky do zamestnania. Spracúvanie biometrického údaja podľa zákona č. 122/2013 Z. z. o ochrane osobných údajov a o zmene a doplnení niektorých zákonov v znení zákona č. 84/2...
Salvato in:
| Autore principale: | |
|---|---|
| Natura: | Capitolo di libro |
| Lingua: | slovacco |
| Soggetti: | |
| Tags: |
Nessun Tag, puoi essere il primo ad aggiungerne!!
|
MARC
| LEADER | 00000naa a2200000 4500 | ||
|---|---|---|---|
| 001 | 0245498 | ||
| 005 | 20180614110943.9 | ||
| 041 | 0 | |a slo | |
| 044 | |a SK | ||
| 245 | 1 | 0 | |a Spracúvanie biometrických údajov podľa nového zákona o ochrane osobných údajov a nariadenia |c Marcela Macová |
| 520 | |a Využitie biometrie nielen v prípade vstupov do citlivých, osobitne chránených, vyhradených priestorov, ale aj na evidenciu dochádzky do zamestnania. Spracúvanie biometrického údaja podľa zákona č. 122/2013 Z. z. o ochrane osobných údajov a o zmene a doplnení niektorých zákonov v znení zákona č. 84/2014 Z. z. Spracúvanie biometrického údaja podľa Nariadenia Európskeho parlamentu a Rady 2016/679. | ||
| 610 | 2 | 0 | |a ochrana údajov osobných |
| 610 | 2 | 0 | |a osoby fyzické |
| 610 | 2 | 0 | |a právo občianske |
| 610 | 2 | 0 | |a legislatíva |
| 610 | 2 | 0 | |a systémy informačné |
| 100 | 1 | |a Macová, Marcela | |